Countries I want to visit most - Statistics

General Stats
  • This quiz has been taken 732 times
  • The average score is 10 of 15
Answer Stats
Hint Answer % Correct
Fjords Norway
94%
Incas Peru
93%
Terracotta army China
92%
Sparta Greece
91%
Zelensky Ukraine
88%
Banff Canada
79%
Lots of sunburntEnglish guys Spain
74%
Serengeti Tanzania
73%
Cod Wars Iceland
55%
Victoria falls Zambia
54%
Hot air balloons Turkey
51%
2nd biggest Asian axis power Thailand
46%
Rats of Tobruk Australia
44%
Least visited Tuvalu
32%
Oh man! Oman
29%
No matching quizzes found
Score Distribution
Percent of People with Each Score
Percentile by Number Answered
Your Score History
You have not taken this quiz